<?xml version="1.0" encoding="UTF-8"?>
<record
    xmlns:xsi="http://www.w3.org/2001/XMLSchema-instance"
    xsi:schemaLocation="http://www.loc.gov/MARC21/slim http://www.loc.gov/standards/marcxml/schema/MARC21slim.xsd"
    xmlns="http://www.loc.gov/MARC21/slim">

  <leader>00754nam a22002417a 4500</leader>
  <controlfield tag="003">UA-OsUOA</controlfield>
  <controlfield tag="001"> 643 </controlfield>
  <controlfield tag="007">ta</controlfield>
  <controlfield tag="008">20050622b un ||||| |||| 00| 0 ukr d</controlfield>
  <datafield tag="100" ind1=" " ind2=" ">
    <subfield code="a">&#x413;&#x43E;&#x433;&#x456;&#x43B;&#x44C;&#x447;&#x438;&#x43D; &#x421;.&#x406;.</subfield>
  </datafield>
  <datafield tag="090" ind1=" " ind2=" ">
    <subfield code="a">811.111</subfield>
    <subfield code="b">&#x413;58</subfield>
  </datafield>
  <datafield tag="942" ind1=" " ind2=" ">
    <subfield code="c">BK</subfield>
  </datafield>
  <datafield tag="040" ind1=" " ind2=" ">
    <subfield code="a">UA-OsUOA</subfield>
    <subfield code="b">ukr</subfield>
    <subfield code="c">UA-OsUOA</subfield>
    <subfield code="d">UA-OsUOA</subfield>
  </datafield>
  <datafield tag="245" ind1=" " ind2=" ">
    <subfield code="a">&#x410;&#x43D;&#x433;&#x43B;&#x456;&#x439;&#x441;&#x44C;&#x43A;&#x430; &#x43C;&#x43E;&#x432;&#x430;: &#x440;&#x43E;&#x437;&#x43C;&#x43E;&#x432;&#x43D;&#x456; &#x442;&#x435;&#x43C;&#x438; &#x434;&#x43B;&#x44F; &#x441;&#x442;&#x430;&#x440;&#x448;&#x43E;&#x43A;&#x43B;&#x430;&#x441;&#x43D;&#x438;&#x43A;&#x456;&#x432;</subfield>
    <subfield code="b">&#x43D;&#x430;&#x432;&#x447;&#x430;&#x43B;&#x44C;&#x43D;&#x438;&#x439; &#x43F;&#x43E;&#x441;&#x456;&#x431;&#x43D;&#x438;&#x43A;</subfield>
  </datafield>
  <datafield tag="300" ind1=" " ind2=" ">
    <subfield code="a">88 &#x441;.</subfield>
  </datafield>
  <datafield tag="955" ind1=" " ind2=" ">
    <subfield code="a">2</subfield>
  </datafield>
  <datafield tag="041" ind1=" " ind2=" ">
    <subfield code="a">ukr</subfield>
  </datafield>
  <datafield tag="080" ind1=" " ind2=" ">
    <subfield code="a">811.111</subfield>
  </datafield>
  <datafield tag="020" ind1=" " ind2=" ">
    <subfield code="a">966-06-0086-0</subfield>
  </datafield>
  <datafield tag="260" ind1=" " ind2=" ">
    <subfield code="a">&#x41A;.</subfield>
    <subfield code="b">&#x41B;&#x438;&#x431;&#x456;&#x434;&#x44C;</subfield>
    <subfield code="c">1999</subfield>
  </datafield>
  <datafield tag="650" ind1=" " ind2="7">
    <subfield code="a">8 &#x41C;&#x43E;&#x432;&#x43E;&#x437;&#x43D;&#x430;&#x432;&#x441;&#x442;&#x432;&#x43E;. &#x425;&#x443;&#x434;&#x43E;&#x436;&#x43D;&#x44F; &#x43B;&#x456;&#x442;&#x435;&#x440;&#x430;&#x442;&#x443;&#x440;&#x430;. &#x41B;&#x456;&#x442;&#x435;&#x440;&#x430;&#x442;&#x443;&#x440;&#x43E;&#x437;&#x43D;&#x430;&#x432;&#x441;&#x442;&#x432;&#x43E;</subfield>
    <subfield code="2">UDC</subfield>
  </datafield>
  <datafield tag="999" ind1=" " ind2=" ">
    <subfield code="c">286808</subfield>
    <subfield code="d">286808</subfield>
  </datafield>
  <datafield tag="952" ind1=" " ind2=" ">
    <subfield code="0">0</subfield>
    <subfield code="1">0</subfield>
    <subfield code="2">udc</subfield>
    <subfield code="4">0</subfield>
    <subfield code="7">0</subfield>
    <subfield code="a">101</subfield>
    <subfield code="b">101</subfield>
    <subfield code="d">2005-06-22</subfield>
    <subfield code="e">98/2005</subfield>
    <subfield code="g">1.00</subfield>
    <subfield code="i">86391</subfield>
    <subfield code="l">0</subfield>
    <subfield code="o">811.111 &#x413;58</subfield>
    <subfield code="p">86391</subfield>
    <subfield code="r">2022-01-10 00:00:00</subfield>
    <subfield code="w">2005-06-22</subfield>
    <subfield code="y">BK</subfield>
  </datafield>
  <datafield tag="952" ind1=" " ind2=" ">
    <subfield code="0">0</subfield>
    <subfield code="1">0</subfield>
    <subfield code="2">udc</subfield>
    <subfield code="4">0</subfield>
    <subfield code="7">0</subfield>
    <subfield code="a">101</subfield>
    <subfield code="b">101</subfield>
    <subfield code="d">2005-06-22</subfield>
    <subfield code="e">98/2005</subfield>
    <subfield code="g">1.00</subfield>
    <subfield code="i">86392</subfield>
    <subfield code="l">0</subfield>
    <subfield code="o">811.111 &#x413;58</subfield>
    <subfield code="p">86392</subfield>
    <subfield code="r">2022-01-10 00:00:00</subfield>
    <subfield code="w">2005-06-22</subfield>
    <subfield code="y">BK</subfield>
  </datafield>
  <datafield tag="952" ind1=" " ind2=" ">
    <subfield code="0">0</subfield>
    <subfield code="1">0</subfield>
    <subfield code="2">udc</subfield>
    <subfield code="4">0</subfield>
    <subfield code="7">0</subfield>
    <subfield code="a">101</subfield>
    <subfield code="b">101</subfield>
    <subfield code="d">2005-06-22</subfield>
    <subfield code="e">98/2005</subfield>
    <subfield code="g">1.00</subfield>
    <subfield code="i">86393</subfield>
    <subfield code="l">0</subfield>
    <subfield code="o">811.111 &#x413;58</subfield>
    <subfield code="p">86393</subfield>
    <subfield code="r">2022-01-10 00:00:00</subfield>
    <subfield code="w">2005-06-22</subfield>
    <subfield code="y">BK</subfield>
  </datafield>
  <datafield tag="952" ind1=" " ind2=" ">
    <subfield code="0">0</subfield>
    <subfield code="1">0</subfield>
    <subfield code="2">udc</subfield>
    <subfield code="4">0</subfield>
    <subfield code="7">0</subfield>
    <subfield code="a">101</subfield>
    <subfield code="b">101</subfield>
    <subfield code="d">2005-06-22</subfield>
    <subfield code="e">98/2005</subfield>
    <subfield code="g">1.00</subfield>
    <subfield code="i">86394</subfield>
    <subfield code="l">2</subfield>
    <subfield code="o">811.111 &#x413;58</subfield>
    <subfield code="p">86394</subfield>
    <subfield code="r">2025-12-12 12:55:47</subfield>
    <subfield code="s">2024-05-20</subfield>
    <subfield code="w">2005-06-22</subfield>
    <subfield code="y">BK</subfield>
  </datafield>
  <datafield tag="952" ind1=" " ind2=" ">
    <subfield code="0">0</subfield>
    <subfield code="1">0</subfield>
    <subfield code="2">udc</subfield>
    <subfield code="4">0</subfield>
    <subfield code="7">0</subfield>
    <subfield code="a">101</subfield>
    <subfield code="b">101</subfield>
    <subfield code="d">2005-06-22</subfield>
    <subfield code="e">98/2005</subfield>
    <subfield code="g">1.00</subfield>
    <subfield code="i">86395</subfield>
    <subfield code="l">0</subfield>
    <subfield code="o">811.111 &#x413;58</subfield>
    <subfield code="p">86395</subfield>
    <subfield code="r">2022-01-10 00:00:00</subfield>
    <subfield code="w">2005-06-22</subfield>
    <subfield code="y">BK</subfield>
  </datafield>
  <datafield tag="952" ind1=" " ind2=" ">
    <subfield code="0">0</subfield>
    <subfield code="1">0</subfield>
    <subfield code="2">udc</subfield>
    <subfield code="4">0</subfield>
    <subfield code="7">0</subfield>
    <subfield code="a">101</subfield>
    <subfield code="b">101</subfield>
    <subfield code="d">2005-06-22</subfield>
    <subfield code="e">98/2005</subfield>
    <subfield code="g">1.00</subfield>
    <subfield code="i">86396</subfield>
    <subfield code="l">0</subfield>
    <subfield code="o">811.111 &#x413;58</subfield>
    <subfield code="p">86396</subfield>
    <subfield code="r">2022-01-10 00:00:00</subfield>
    <subfield code="w">2005-06-22</subfield>
    <subfield code="y">BK</subfield>
  </datafield>
  <datafield tag="952" ind1=" " ind2=" ">
    <subfield code="0">0</subfield>
    <subfield code="1">0</subfield>
    <subfield code="2">udc</subfield>
    <subfield code="4">0</subfield>
    <subfield code="7">0</subfield>
    <subfield code="a">101</subfield>
    <subfield code="b">101</subfield>
    <subfield code="d">2005-06-22</subfield>
    <subfield code="e">98/2005</subfield>
    <subfield code="g">1.00</subfield>
    <subfield code="i">86397</subfield>
    <subfield code="l">0</subfield>
    <subfield code="o">811.111 &#x413;58</subfield>
    <subfield code="p">86397</subfield>
    <subfield code="r">2022-01-10 00:00:00</subfield>
    <subfield code="w">2005-06-22</subfield>
    <subfield code="y">BK</subfield>
  </datafield>
  <datafield tag="952" ind1=" " ind2=" ">
    <subfield code="0">0</subfield>
    <subfield code="1">0</subfield>
    <subfield code="2">udc</subfield>
    <subfield code="4">0</subfield>
    <subfield code="7">0</subfield>
    <subfield code="a">101</subfield>
    <subfield code="b">101</subfield>
    <subfield code="d">2005-06-22</subfield>
    <subfield code="e">98/2005</subfield>
    <subfield code="g">1.00</subfield>
    <subfield code="i">86398</subfield>
    <subfield code="l">0</subfield>
    <subfield code="o">811.111 &#x413;58</subfield>
    <subfield code="p">86398</subfield>
    <subfield code="r">2022-01-10 00:00:00</subfield>
    <subfield code="w">2005-06-22</subfield>
    <subfield code="y">BK</subfield>
  </datafield>
  <datafield tag="952" ind1=" " ind2=" ">
    <subfield code="0">0</subfield>
    <subfield code="1">0</subfield>
    <subfield code="2">udc</subfield>
    <subfield code="4">0</subfield>
    <subfield code="7">0</subfield>
    <subfield code="a">101</subfield>
    <subfield code="b">101</subfield>
    <subfield code="d">2006-08-19</subfield>
    <subfield code="e">85/2006</subfield>
    <subfield code="g">1.00</subfield>
    <subfield code="i">98202</subfield>
    <subfield code="l">0</subfield>
    <subfield code="o">811.111 &#x413;58</subfield>
    <subfield code="p">98202</subfield>
    <subfield code="r">2022-01-10 00:00:00</subfield>
    <subfield code="w">2005-06-22</subfield>
    <subfield code="y">BK</subfield>
  </datafield>
</record>
